Music Quiz

Random Music Quiz

Nothing Was The Same by Drake Quiz Stats

Quiz not verified by Sporcle

Challenge
Share
Tweet
Embed
Score 0/15 Timer 04:00
0 Plays Today
Hint Answer % Correct
1st SongTuscan Leather
82.2%
13th SongPound Cake
75.2%
15th SongAll Me
70.1%
8th SongHold On, Were Going Home
67%
4th SongWu-Tang Forever
65.7%
10th SongThe Language
65.6%
6th SongWorst Behavior
65.4%
2nd SongFurthest Thing
65%
Hint Answer % Correct
14th SongCome Thru
64.9%
7th SongFrom Time
62.8%
9th SongConnect
62.2%
12th SongToo Much
61.5%
5th SongOwn It
60.2%
11th Song305 To My City
58.9%
3rd SongStarted From The Bottom
45.1%

You're not logged in!

Compare scores with friends on all Sporcle quizzes.
Sign Up with Email
OR
Log In

You Might Also Like...

Show Comments

Extras

Top Quizzes Today


Score Distribution

Your Account Isn't Verified!

In order to create a playlist on Sporcle, you need to verify the email address you used during registration. Go to your Sporcle Settings to finish the process.